000 01454cab a2200253 4500
001 ABS59078
008 090401t1998 xxu||||| |||| 00| 0 eng d
035 _a(Sirsi) u87346
041 _aeng
245 _aWilson v Stone
260 _c1998
350 _a0
490 _aEstates Gazette
_v[1998] 26 EG 153-154(2)
520 _aLVT 21 April 1998. W owned a three-storey house converted into three flats, one of which he occupied. The leases of the other two flats provided for recovery of one third of the costs of keeping in repair the main structure and other specified parts of the building. In 1996 L discovered structural damage to the building while having works carried out to his flat and he agreed with W that his builders on site would carry out the necessary works to prevent the possible collapse of the building. S refused to pay his share of the bill as he claimed that W had not complied with his obligations under the Landlord and Tenant Act 1985 in obtaining competitive tenders and giving notice. "Held" the charge was recoverable (except for two items) as it was a case of emergency as envisaged by s20(9) of the Act.
650 _aEMERGENCY REPAIRS
650 _aLANDLORD AND TENANT ACT 1985 S20
650 _aMAIN STRUCTURE
650 _aREASONABLENESS
650 _aSERVICE CHARGE
650 _aSTRUCTURAL DAMAGE
690 _aLANDLORD AND TENANT-CASE LAW-RESIDENTIAL TENANCIES
942 _n0
948 _c13/07/1998
999 _c55093
_d55093